000
00191nam a2200085 4500
001
1257745
005
20260218140850.0
245
_a
HEYBEDEKİ SIR
_c
ÇİĞDEM GÜNDEŞ
260
_b
TUDEM YAYINLARI
999
_c
1257745
_d
1257745